Mi abuelo volaba sobre robles amarillos (Registro nro. 3365)

Detalles MARC
000 -Cabecera
Campo de control de longitud fija 00712aam a2200265 4500
005 - Fecha y hora de la última transacción
Campo de control 20251119123940.0
008 - Elementos de longitud fija--Información general
Campo de control de longitud fija 150224b2007 xxu||||| |||| 00| 0 eng d
020 ## - International Standard Book Number
Número Internacional Estándar del Libro (ISBN) 9789977238708
041 ## - Idioma
Código de idioma Español
082 ## - Clasificación Decimal Dewey
Número de clasificación CR 861.44 A696mi
100 ## - Entrada principal--Autor personal
Nombre personal Arias Uva, Minor
9 (RLIN) 11922
245 ## - Título propiamente dicho
Título Mi abuelo volaba sobre robles amarillos
260 ## - Pie de imprenta
Lugar de publicación, distribución, etc. Costa Rica
260 ## - Pie de imprenta
Nombre del editor, distribuidor, etc. Editorial Costa Rica
260 ## - Pie de imprenta
Fecha de publicación, distribución, etc. 2007
300 ## - Descripción física
Extensión 163 páginas
300 ## - Descripción física
Otras características físicas Ilustraciones a color
490 ## - Serie
Título de la Serie Temática General
650 ## - Materia general
Temática (materia general) LITERATURA INFANTIL
650 ## - Materia general
Temática (materia general) LITERATURA COSTARRICENSE
650 ## - Materia general
Temática (materia general) POESÍA INFANTIL
650 ## - Materia general
Temática (materia general) POESÍA COSTARRICENSE
650 ## - Materia general
Temática (materia general) FOLCLORE COSTARRICENSE
942 ## - Punto de acceso adicional KOHA
Tipo de ítem KOHA Literatura
Fuente del sistema de clasificación o colocación Dewey Decimal Classification
Existencias
Signatura completa Código de barras Programa Académico Tipo de ítem
CR 861.44 A696mi 12231 Temática General Literatura